Milan Svoboda Sextet

Korporativní autor: Milan Svoboda Sextet
Další autoři: Wasserberger, Igor, 1937-
Jazyk: Nelze použít, není lingvistický obsah
Vydáno: Praha : Multisonic, p2012
Edice: Jazz na Hradě
Témata:
Fyzický popis: 1 zvuková deska (77:39) : digital ; 12 cm
Zvukové nahrávky
Uloženo v:
LEADER 01606njm a2200421 a 4500
001 001246652
003 CZ BrMZK
005 20121002090623.0
007 sd fsngnnmmned
008 120906p20122011xr jzn g efh zxx d
015 |a cnb002395912 
024 1 |a 741941083522 
028 0 1 |a 310835-2531  |b Multisonic 
040 |a BOA001  |b cze 
041 0 |g cze  |g eng 
072 7 |a 785  |x Instrumentální hudba. Symfonická hudba. Hudba pro více nástrojů  |2 Konspekt  |9 9 
080 |a 78.036.9  |2 MRF 
080 |a (086.76)  |2 MRF 
110 2 |a Milan Svoboda Sextet  |7 kn20120914004 
245 1 0 |a Milan Svoboda Sextet  |h [zvukový záznam] 
260 |a Praha :  |b Multisonic,  |c p2012 
300 |a 1 zvuková deska (77:39) :  |b digital ;  |c 12 cm 
306 |a 011739 
490 1 |a Jazz na Hradě =  |a Jazz at Prague Castle  |v 2011 
500 |a Sleeve note Igor Wasseberger 
500 |a Pouzdro: 310835-2 
500 |a Kompaktní deska 
505 0 0 |g Úvod - prezident Václav Klaus --  |t Walkin' --  |t Shadows --  |t My funny Valentine --  |t Dedication --  |t Goodbye pork pie hat --  |t Invitation --  |t Body and soul --  |t I mean you 
511 1 |a Milan Svoboda Sextet 
518 |a Záznam koncertu pořádaného Správou Pražského hradu, Terasa Jízdárny 7.9. 2011 
650 0 7 |a jazz  |7 ph121330  |2 czenas 
655 7 |a kompaktní desky  |7 fd201991  |2 czenas 
700 1 |a Wasserberger, Igor,  |d 1937-  |7 jk01151429  |4 wam 
830 0 |a Jazz na Hradě  |0 s 
910 2 |a BOA001  |b CDR-1286.975 
990 |a AV 
991 |b 201210 
996 6 |b 2610522012  |c CDR-1286.975  |l MZK  |r Sklad / do 24 hodin  |n 0  |p p.v.  |w 001281781  |u 000010  |a 1  |e BOA001  |j MZK50  |s P